Zazoo

Bibliographic Details
Main Author: Mosher, Richard
Format: Book
Published: New York : Graphia , 2001
Subjects:

MARC

LEADER 00000cam a2200000 7i4500
001 0000010687
005 20160330.0
008 071029
020 |a 0618439048 
090 0 0 |a MOS   |b ENG (8434) 
100 1 |a Mosher, Richard 
245 1 0 |a Zazoo   |c Richard Mosher 
260 |a New York :   |b Graphia ,   |c 2001 
500 |a Teenager ages 13-18 years old (blue) 
650 0 |a English fiction 
650 0 |a Grandfather   |x Fiction 
650 0 |a Love   |x Fiction 
650 0 |a Novel 
650 0 |a Secrets   |x Fiction 
999 |a 0000997848   |b Book   |c Teenagers   |e Perbadanan Perpustakaan Awam Johor